Catálogo
 En Linea

Día de la estadística nacional : (Registro nro. 44601)

Detalles MARC
000 -CABECERA
campo de control de longitud fija 00702nam a2200157 a 4500
001 - NÚMERO DE CONTROL
campo de control 000045112
005 - FECHA Y HORA DE LA ÚLTIMA TRANSACCIÓN
campo de control 20250221073755.0
008 - DATOS DE LONGITUD FIJA--INFORMACIÓN GENERAL
campo de control de longitud fija 090709s1973 dr a 000 0 spa d
040 ## - FUENTE DE LA CATALOGACIÓN
Centro catalogador/agencia de origen DO-SdBNP
Lengua de catalogación spa
Centro/agencia transcriptor BNPHU
110 1# - ENTRADA PRINCIPAL--NOMBRE DE ENTIDAD CORPORATIVA
Nombre de entidad corporativa o nombre de jurisdicción como elemento de entrada República Dominicana.
Unidad subordinada Secretariado Técnico de la Presidencia.
-- Oficina Nacional de Estadística
9 (RLIN) 10866
245 10 - MENCIÓN DE TÍTULO
Título Día de la estadística nacional :
Resto del título Reseña historica de las quinta y sexta conmemoraciónes 1971-1972.
260 ## - PUBLICACIÓN, DISTRIBUCIÓN, ETC.
Lugar de publicación, distribución, etc. Santo Domingo :
Nombre del editor, distribuidor, etc. Oficina Nacional de Estadística:,
Fecha de publicación, distribución, etc. 1973.
300 ## - DESCRIPCIÓN FÍSICA
Extensión 77 p. ; :
Otras características físicas il. ;
Dimensiones 28 cm.
651 #4 - PUNTO DE ACCESO ADICIONAL DE MATERIA--NOMBRE GEOGRÁFICO
Nombre geográfico República Dominicana
Subdivisión general Servicios Estadisticos
9 (RLIN) 10867
710 1# - PUNTO DE ACCESO ADICIONAL--NOMBRE DE ENTIDAD CORPORATIVA
Nombre de entidad corporativa o nombre de jurisdicción como elemento de entrada República Dominicana.
Unidad subordinada Oficina Nacional de Estadística
9 (RLIN) 5775
Existencias
Estado de retiro Estado de pérdida No para préstamo Código de colección Localización permanente Ubicación/localización actual Ubicación en estantería Fecha de adquisición Número de inventario Total de préstamos Signatura topográfica completa Código de barras Fecha visto por última vez Precio válido a partir de Tipo de ítem Koha
    Excluido de préstamo Patrimonio Dominicano Patrimonio Dominicano Patrimonio Dominicano En catalogación 03.02.2015 LF1   45112-10 25.06.2020 25.06.2020 Libro y Folleto Colección Patrimonio Dominicano

Con tecnología Koha